Detalles MARC
| 000 -CABECERA |
| Longitud fija campo de control |
01767nam a2200397 c 4500 |
| 001 - NÚMERO DE CONTROL |
| Número de control |
22207 |
| 003 - IDENTIFICADOR DE NÚMERO DE CONTROL |
| Identificador del número de control |
ES-MaCES |
| 005 - FECHA Y HORA DE LA ÚLTIMA TRANSACCIÓN |
| Fecha y hora de la última transacción |
20150923143703.0 |
| 008 - CAMPO FIJO DE DESCRIPCIÓN FIJA--INFORMACIÓN GENERAL |
| Códigos de información de longitud fija |
090706s2006 sp a o100 | spa d |
| 017 ## - NÚMERO DE REGISTRO DE DERECHOS DE AUTOR Y DEPÓSITO LEGAL |
| Número de copyright o de depósito legal |
M 42453-2006 |
| Agencia que asigna el número |
DL |
| 035 ## - NÚMERO DE CONTROL DEL SISTEMA |
| Número de control del sistema |
CES20090006332m |
| 040 ## - FUENTE DE CATALOGACIÓN |
| Centro catalogador de origen |
ES-MaCES |
| Lengua de catalogación |
spa |
| Centro transcriptor |
ES-MaCES |
| 111 2# - ENCABEZAMIENTO PRINCIPAL--NOMBRE DE REUNIÓN |
| Nombre de congreso o jurisdicción como elemento de entrada |
Jornadas de Gestión de la Información |
| Número del congreso o número de parte o sección de la obra |
8ª |
| Fecha del congreso |
2006 |
| Sede del congreso |
Madrid |
| 9 (RLIN) |
1090 |
| 245 10 - MENCIÓN DE TÍTULO |
| Título |
Nuevas interfaces centradas en el usuario |
| Resto del título |
: tendencias en la organización de contenidos, documentos y bibliotecas : actas de las Jornadas |
| Mención de responsabilidad, etc. |
VIII Jornadas de Gestión de la Información, Biblioteca Nacional, Madrid, 6 y 7 de noviembre de 2006 ; [organizadas por SEDIC ; con el patrocinio de la Dirección General del Libro, Archivos y Bibliotecas, Ministerio de Cultura ; con la col. de la Biblioteca Nacional de España] |
| 260 ## - PUBLICACIÓN, DISTRIBUCIÓN, ETC (PIE DE IMPRENTA) |
| Lugar de publicación, distribución, etc. |
Madrid |
| Nombre del editor, distribuidor, etc. |
SEDIC |
| Fecha de publicación, distribución, etc. |
[2006] |
| 300 ## - DESCRIPCIÓN FÍSICA |
| Extensión |
199 p. |
| Otras características físicas |
il. bl. y n. |
| Dimensiones |
24 cm |
| 504 ## - NOTA DE BIBLIOGRAFÍA, ETC. |
| Nota de bibliografía, etc. |
Bibliografía |
| 541 ## - NOTA DE LA FUENTE INMEDIANTE DE ADQUISICIÓN |
| Forma de adquisición |
Gratuito |
| 650 #4 - ASIENTO SECUNDARIO DE MATERIA--TÉRMINO DE MATERIA |
| Término de materia o nombre geográfico como elemento inicial |
archivos |
| 9 (RLIN) |
28922 |
| 650 #4 - ASIENTO SECUNDARIO DE MATERIA--TÉRMINO DE MATERIA |
| Término de materia o nombre geográfico como elemento inicial |
servicio de información |
| 9 (RLIN) |
28925 |
| 650 #4 - ASIENTO SECUNDARIO DE MATERIA--TÉRMINO DE MATERIA |
| Término de materia o nombre geográfico como elemento inicial |
tecnología de la información |
| 9 (RLIN) |
30104 |
| 650 #4 - ASIENTO SECUNDARIO DE MATERIA--TÉRMINO DE MATERIA |
| Término de materia o nombre geográfico como elemento inicial |
Internet |
| 9 (RLIN) |
30572 |
| 650 #4 - ASIENTO SECUNDARIO DE MATERIA--TÉRMINO DE MATERIA |
| Término de materia o nombre geográfico como elemento inicial |
procesamiento de la información |
| 9 (RLIN) |
28917 |
| 650 #4 - ASIENTO SECUNDARIO DE MATERIA--TÉRMINO DE MATERIA |
| Término de materia o nombre geográfico como elemento inicial |
recuperación de la información |
| 9 (RLIN) |
28918 |
| 650 #4 - ASIENTO SECUNDARIO DE MATERIA--TÉRMINO DE MATERIA |
| Término de materia o nombre geográfico como elemento inicial |
gestión electrónica de documentos |
| 9 (RLIN) |
30570 |
| 650 #4 - ASIENTO SECUNDARIO DE MATERIA--TÉRMINO DE MATERIA |
| Término de materia o nombre geográfico como elemento inicial |
base de datos |
| 9 (RLIN) |
29266 |
| 650 #4 - ASIENTO SECUNDARIO DE MATERIA--TÉRMINO DE MATERIA |
| Término de materia o nombre geográfico como elemento inicial |
conferencia |
| 9 (RLIN) |
27013 |
| 653 10 - TÉRMINO DE INDEXACIÓN--NO CONTROLADO |
| Término no controlado |
Biblioteconomía |
| 650 #4 - ASIENTO SECUNDARIO DE MATERIA--TÉRMINO DE MATERIA |
| 9 (RLIN) |
28926 |
| Término de materia o nombre geográfico como elemento inicial |
biblioteca |
| 710 1# - ENCABEZAMIENTO SECUNDARIO--NOMBRE CORPORATIVO |
| Nombre de entidad o nombre de jurisdicción como elemento inicial |
Sociedad Española de Documentación e Información Científica |
| Término indicativo de función |
col. |
| 9 (RLIN) |
4991 |
| 710 1# - ENCABEZAMIENTO SECUNDARIO--NOMBRE CORPORATIVO |
| Nombre de entidad o nombre de jurisdicción como elemento inicial |
España |
| Unidad subordinada |
Dirección General del Libro, Archivos y Bibliotecas |
| Término indicativo de función |
col. |
| 9 (RLIN) |
2819 |
| 710 2# - ENCABEZAMIENTO SECUNDARIO--NOMBRE CORPORATIVO |
| Nombre de entidad o nombre de jurisdicción como elemento inicial |
Biblioteca Nacional (España) |
| Término indicativo de función |
col. |
| 9 (RLIN) |
1652 |
| 902 ## - CES. TIPO DE DOCUMENTO |
| Tipodoc (006$c Sirtex) |
LIB Libro |
| 942 ## - ELEMENTOS KOHA |
| Fuente de clasificaión o esquema |
Clasificación propia del CES |
| Koha [por defecto] tipo de item |
Monografías |
| Parte de clasificación |
9.0. |